000 00471nam a2200229Ia 4500
003 IT-RoPAU
008 120407s9999 xx 000 0 und d
040 _aIT-RoPAU
040 _cIT-RoPAU
041 _afra
100 _aPierre Locht
245 _aHarmonie des vocations.
250 _aTournai
260 _aCasterman
260 _c1965
300 _a106 p.
300 _c19,5 cm
490 _aStati di vita
490 _v1
942 _cBK
999 _c24197
_d24197